Statistics for Countries Bordering France in 1960

Click here to take the quiz!

General Stats

  • This quiz has been taken 2,643 times
  • The average score is 12 of 16

Answer Stats

Country% Correct
Spain
97%
Belgium
94%
Italy
93%
Switzerland
92%
Andorra
90%
Monaco
88%
Brazil
85%
Luxembourg
84%
Suriname
77%
West Germany
74%
Morocco
61%
Libya
59%
Niger
57%
Mali
55%
Tunisia
54%
Mauritania
47%

Score Distribution

Percentile by Number Answered

Percent of People with Each Score

Your Score History

You have not taken this quiz